| 000 | 01081cam a2200265 a 4500 | ||
|---|---|---|---|
| 001 | 000006009 | ||
| 005 | 20200929151901.0 | ||
| 008 | 980626s1998 sp b 001 p spa | ||
| 020 | _a8420634131 | ||
| 040 |
_aDO-SdBNP _cDLC _dDLC |
||
| 082 |
_aH861.44 _bO49p |
||
| 100 | 1 |
_aOlivio Jiménez, José _d1926-2003 _916920 |
|
| 245 | 1 | 0 |
_aLa prosa modernista hispanoamericana : _bintroducción crítica y antología / _cJosé Olivio Jiménez, Carlos Javier Morales. |
| 260 |
_aMadrid : _bAlianza Editorial, _c1998. |
||
| 300 |
_a395 p. ; _c18 cm. |
||
| 490 | 1 |
_aEl libro de bolsillo ; _v5303. _aLiteratura hispanoamericana |
|
| 490 | 1 | _aLiteratura | |
| 650 | 4 |
_aProsa _xCrítica e interpretación _916921 |
|
| 650 | 4 |
_aPoesía hispanoamericana _xCrítica e interpretación _916922 |
|
| 650 | 4 |
_aLiteratura hispanoamericana _xCrítica e interpretación _9218 |
|
| 650 | 4 |
_aLiteratura hispanoamericana _ySIGLO XX _916923 |
|
| 700 | 1 |
_aMorales, Carlos Javier. _915083 |
|
| 830 | 0 |
_aLibro de bolsillo ; _pLiteratura hispanoamericana _pLiteratura _916924 |
|
| 910 | _aCatalogación por copia / LC | ||
| 999 |
_c5805 _d5805 |
||